01285nam a2200325 a 4500001001200000003000800012006001900020007001500039008004100054020001800095020001800113020002700131040002100158035002100179050002700200245011800227260008100345300001500426504005100441533015200492650002000644650003900664650002100703655002900724700002900753700001900782710001700801856012600818999001500944ebr10698314CaPaEBRm o u cr cn|||||||||130524s2009 stk sb 001 0 eng d z9781439808689 z9781904445845 z9781849950145 (e-book) aCaPaEBRcCaPaEBR a(OCoLC)84386078514aQC176.8.M5bC47 2009eb00aCeramics processing in microtechnologyh[electronic resource] /cedited by H.-J. Ritzhaupt-Kleissl, Per Johander. aDunbeath, Scotland :bWhittles Pub. ;aBoca Raton, Fla. :bCRC Press,c2009. axx, 332 p. aIncludes bibliographical references and index. aElectronic reproduction.bPalo Alto, Calif. :cebrary,d2013.nAvailable via World Wide Web.nAccess may be limited to ebrary affiliated libraries. 0aMicromechanics. 0aCeramic materialsxMicrostructure. 0aMicrotechnology. 7aElectronic books.2local1 aRitzhaupt-Kleissl, H.-J.1 aJohander, Per.2 aebrary, Inc.40uhttp://site.ebrary.com/lib/rucke/Doc?id=10698314zAn electronic book accessible through the World Wide Web; click to view c7618d7618